Normal view
MARC view
Entry Topical Term
001 - CONTROL NUMBER
- control field: 26326
003 - CONTROL NUMBER IDENTIFIER
- control field: OSt
005 - DATE AND TIME OF LATEST TRANSACTION
- control field: 20210804124438.0
008 - FIXED-LENGTH DATA ELEMENTS
- fixed length control field: 210804|| aca||aabn | a|a d
040 ## - CATALOGING SOURCE
- Original cataloging agency: OSt
- Transcribing agency: OSt
150 ## - HEADING--TOPICAL TERM
- Topical term or geographic name entry element: Public health, Vaccination, Income segregation, Individualism, Neighborhood effects
670 ## - SOURCE DATA FOUND
- Source citation: Work cat.: (OSt): Estep, Kevin, and Greenberg, Pierce 26325, Opting out: Individualism and vaccine refusal in pockets of socioeconomic homogeneity
